Maailman pääkaupungit minuutissa - Statistics

Yleistilastot
  • Tätä visaa on pelattu 1 060 kertaa
    986 viimeisimmän päivityksen jälkeen
  • Keskiarvotulos 21 / 196
Vastaustilastot
Valtio Pääkaupunki % Oikein
Suomi Helsinki
81%
Espanja Madrid
69%
Norja Oslo
69%
Ruotsi Tukholma
67%
Alankomaat Amsterdam
63%
Italia Rooma
61%
Yhdistynyt kuningaskunta Lontoo
60%
Ranska Pariisi
57%
Latvia Riika
57%
Irlanti Dublin
54%
Viro Tallinna
54%
Belgia Bryssel
51%
Liettua Vilna
51%
Islanti Reykjavik
48%
Saksa Berliini
47%
Venäjä Moskova
45%
Kreikka Ateena
44%
Itävalta Wien
43%
Bulgaria Sofia
42%
Japani Tokio
39%
Portugali Lissabon
36%
Andorra Andorra la Vella
35%
Albania Tirana
34%
Yhdysvallat Washington DC
33%
Tanska Kööpenhamina
32%
Kiina Peking
31%
Puola Varsova
28%
Ukraina Kiova
25%
Kanada Ottawa
25%
Bosnia ja Hertsegovina Sarajevo
24%
Sveitsi Bern
22%
Kroatia Zagreb
22%
Monaco Monaco
21%
Valko-Venäjä Minsk
19%
Kosovo Pristina
18%
Malta Valletta
18%
Turkki Ankara
17%
Australia Canberra
17%
Luxemburg Luxemburg
17%
Etelä-Korea Soul
17%
Egypti Kairo
16%
Tsekki Praha
16%
Liechtenstein Vaduz
16%
Brasilia Brasilia
15%
Meksiko México
14%
Intia New Delhi
14%
Vatikaanivaltio Vatikaani
14%
Unkari Budapest
13%
Romania Bukarest
13%
Pohjois-Makedonia Skopje
13%
Moldova Chisinau
12%
Peru Lima
12%
Algeria Alger
11%
Afganistan Kabul
10%
San Marino San Marino
10%
Azerbaidžan Baku
9%
Bangladesh Dhaka
9%
Thaimaa Bangkok
8%
Serbia Belgrad
8%
Indonesia Jakarta
8%
Filippiinit Manila
8%
Slovakia Bratislava
7%
Itä-Timor Dili
7%
Qatar Doha
7%
Argentiina Buenos Aires
6%
Israel Jerusalem
6%
Togo Lomé
6%
Angola Luanda
6%
Montenegro Podgorica
6%
Etelä-Afrikka Pretoria | Kapkaupunki | Bloemfontein
6%
Iran Teheran
6%
Tunisia Tunis
6%
Uusi-Seelanti Wellington
6%
Irak Bagdad
5%
Armenia Jerevan
5%
Bahrain Manama
5%
Saudi-Arabia Riad
5%
Chile Santiago de Chile
5%
Singapore Singapore
5%
Fidži Suva
5%
Taiwan Taipei
5%
Samoa Apia
4%
Kolumbia Bogotá
4%
Djibouti Djibouti
4%
Vietnam Hanoi
4%
Etelä-Sudan Juba
4%
Slovenia Ljubljana
4%
Malediivit Malé
4%
Kenia Nairobi
4%
Georgia Tbilisi
4%
Libya Tripoli
4%
Yhdistyneet arabiemiraatit Abu Dhabi
3%
Nigeria Abuja
3%
Ghana Accra
3%
Jordania Amman
3%
Kazakstan Astana
3%
Senegal Dakar
3%
Burundi Gitega
3%
Ruanda Kigali
3%
Sambia Lusaka
3%
Uruguay Montevideo
3%
Panama Panamá
3%
Benin Porto-Novo | Cotonou
3%
Marokko Rabat
3%
Jemen Sanaá
3%
Etiopia Addis Abeba
2%
Eritrea Asmara
2%
Gambia Banjul
2%
Venezuela Caracas
2%
Tansania Dodoma
2%
Botswana Gaborone
2%
Guatemala Guatemala
2%
Kuuba Havanna
2%
Pakistan Islamabad
2%
Uganda Kampala
2%
Jamaika Kingston
2%
Kongon dem. tasavalta Kinshasa
2%
Kuwait Kuwait
2%
Bolivia La Paz / Sucre
2%
Niger Niamey
2%
Burkina Faso Ouagadougou
2%
Pohjois-Korea Pjongjang
2%
Kap Verde Praia
2%
Ecuador Quito
2%
Paraguay Asunción
1%
Mali Bamako
1%
Brunei Bandar Seri Begawan
1%
Keski-Afrikan tasavalta Bangui
1%
Libanon Beirut
1%
Guinea-Bissau Bissau
1%
St. Lucia Castries
1%
Päiväntasaajan Guinea Ciudad de la Paz
1%
Guinea Conakry
1%
Syyria Damaskos
1%
Sierra Leone Freetown
1%
Tuvalu Funafuti
1%
Zimbabwe Harare
1%
Nepal Kathmandu
1%
Sudan Khartum
1%
Sri Lanka Kotte
1%
Malesia Kuala Lumpur
1%
Gabon Libreville
1%
Nicaragua Managua
1%
Mosambik Maputo
1%
Lesotho Maseru
1%
Oman Masqat
1%
Swazimaa Mbabane
1%
Somalia Mogadishu
1%
Komorit Moroni
1%
Bahama Nassau
1%
Tsad N'Djamena
1%
Kypros Nikosia
1%
Kambodža Phnom Penh
1%
Haiti Port-au-Prince
1%
Mauritius Port Louis
1%
Trinidad ja Tobago Port of Spain
1%
Dominica Roseau
1%
El Salvador San Salvador
1%
São Tomé ja Príncipe São Tomé
1%
Grenada St. George's
1%
Antigua ja Barbuda St. John's
1%
Bhutan Thimphu
1%
Mongolia Ulaanbaatar
1%
Seychellit Victoria
1%
Laos Vientiane
1%
Namibia Windhoek
1%
Kamerun Yaoundé
1%
Nauru Yaren
1%
Madagaskar Antananarivo
0%
Turkmenistan Ašgabat
0%
St. Kitts ja Nevis Basseterre
0%
Belize Belmopan
0%
Kirgisia Biškek
0%
Kongon tasavalta Brazzaville
0%
Barbados Bridgetown
0%
Tadžikistan Dušanbe
0%
Guyana Georgetown
0%
Salomoninsaaret Honiara
0%
St. Vincent ja Grenadiinit Kingstown
0%
Malawi Lilongwe
0%
Marshallinsaaret Majuro
0%
Liberia Monrovia
0%
Myanmar Naypyidaw
0%
Palau Ngerulmud
0%
Mauritania Nouakchott
0%
Tonga Nuku'alofa
0%
Mikronesia Palikir
0%
Suriname Paramaribo
0%
Papua-Uusi- Guinea Port Moresby
0%
Vanuatu Port Vila
0%
Costa Rica San José
0%
Dominkaaninen tasavalta Santo Domingo
0%
Kiribati South Tarawa
0%
Uzbekistan Taškent
0%
Honduras Tegucigalpa
0%
Norsunluurannikko Yamoussoukro
0%
Ehtoja vastaavia visoja ei löytynyt
Tulosjakauma
Jokaisen tuloksen saaneiden osuus
Persentiili vastausten määrän mukaan
Tuloshistoriasi
Et ole pelannut tätä visaa sen viimeisimmän päivityksen jälkeen